Get the Picture: IKEA or Vikings? Quiz Stats

 Plays Quiz Updated May 6, 2019

Score 0/20 Timer 02:00
2 Plays Today
Question Answer Wrong Answers
Ragnar Vikings Character
76%
IKEA Product
17.1%
Athelstan Vikings Character
72.4%
IKEA Product
21.3%
Sigurd Vikings Character
71.4%
IKEA Product
22.2%
Lagertha Vikings Character
71.2%
IKEA Product
22.4%
Ecbert Vikings Character
70.7%
IKEA Product
22.8%
Havsta IKEA Product
68.1%
Vikings Character
26%
Floki Vikings Character
64.1%
IKEA Product
29.8%
Aslaug Vikings Character
63.7%
IKEA Product
29.2%
Fintorp IKEA Product
63.6%
Vikings Character
29%
Skubb IKEA Product
62.5%
Vikings Character
30.4%
Lidhult IKEA Product
62%
Vikings Character
31.1%
Nordli IKEA Product
59.9%
Vikings Character
33.6%
Dyrgrip IKEA Product
58.8%
Vikings Character
34.7%
Halfdan Vikings Character
58.6%
IKEA Product
34.4%
Rågrund IKEA Product
53.1%
Vikings Character
39.9%
Voxnan IKEA Product
52.1%
Vikings Character
41.5%
Hvitserk Vikings Character
51.6%
IKEA Product
41.7%
Ubbe Vikings Character
49.8%
IKEA Product
43.2%
Årstid IKEA Product
49.7%
Vikings Character
43.8%
Godmorgon IKEA Product
43%
Vikings Character
49.9%

Today's Daily Dose

Missing Word
1940s A-Z

Quick Pick
'S' Athletes

Get the Picture
Depp or Bonham Carter

You're not logged in!

Compare scores with friends on all Sporcle quizzes.
OR
Log In

Sporcle TV

Today on Sporcle TV


Watch our educational content, quiz creation guides, and fun videos on Sporcle TV.

Show Comments

Extras

Top Quizzes Today


Score Distribution

Your Account Isn't Verified!

In order to create a playlist on Sporcle, you need to verify the email address you used during registration. Go to your Sporcle Settings to finish the process.

Report this User

Report this user for behavior that violates our Community Guidelines.

Details: